000 00217nam a22000857a 4500
008 161212b xxu||||| |||| 00| 0 eng d
100 _92002
_aNCERT
245 _aSocial Science(Economics)-X
260 _aNew Delhi
_bNCERT
_c2010
999 _c4858
_d4858